000 00570nam a2200193Ia 4500
005 20250326143521.0
008 250326s9999 xx 000 0 und d
020 _a0-471-23294-7
037 _aTextbook
040 _aFMSL
_beng
_cFMSL
041 _aeng
_2eng
084 _aX:89Q8 P2
_qFMSL
100 _aSmith D
_9325008
245 0 _aStrategic six singma : best practices from the executive suite
_cSmith D And Others
260 _aNew Jersey
_bNew Jersey, John Wiley
_c2002
300 _a310p
942 _cTB
_hX:89Q8 P2
999 _c1299907
_d1299907